| 000 | 00399nam a22001457a 4500 | ||
|---|---|---|---|
| 999 |
_c8007 _d8007 |
||
| 003 | OSt | ||
| 005 | 20200617114621.0 | ||
| 008 | 200617b ||||| |||| 00| 0 eng d | ||
| 020 | _a9788415123767 | ||
| 082 |
_a727 _bBRO |
||
| 100 | _a Broto, Carles; Broto, Carles; Ferguson, Naomi; Krauel, Jacobo | ||
| 245 | _aContemporary educational facilities | ||
| 260 |
_aSpain _bLinks Books _c2014 |
||
| 942 | _2ddc | ||